Producción equina /

Guardado en:
Autor Principal: Ensminger, M E
Formato: Libro
Publicado: Buenos Aires : El Ateneo, 1978
Edición:3a. ed.
Series:Producción Animal
Materias:
Etiquetas: Agregar Etiqueta
Sin Etiquetas, Sea el primero en etiquetar este registro!
LEADER 01371nam a22002415a 4500
001 CEM.cems015825
008 130507s1978##################000#0#####d
005 20210823200433.0
003 CEMS
245 1 0 |a Producción equina /  |c M E Ensminger, 
250 |a 3a. ed. 
260 |a Buenos Aires :  |b El Ateneo,  |c 1978 
300 |a 497p. 
490 1 |a Producción Animal 
505 0 |a Historia y desarrollo de la industria equina -- Distribución, adaptación y futuro de la industria equina -- Anatomía funcional del caballo -- Cómo elegir y juzgar caballos --Determinación de la edad y de la altura de los caballos -- Defectos y vicios de establo -- El caballo en acción -- Tipos y clases de caballos livianos de acuerdo con su uso -- Tipos y clases de caballos de trabajo y mulas -- Razas de caballos livianos -- Razas de caballos de tiro pesado. Mulas y asnos -- Cría del caballo -- Alimentación de los equinos -- Construcciones y equipo para equinos -- Sanidad equina, prevención de enfermedades y control parasitario -- Manejo -- Aspectos comerciales de la producción de equinos --Glosario ecuestre 
100 1 |a Ensminger, M E 
082 0 4 |a 636.1 
653 |a Equinos-enfermedades 
653 |a Equinos-anatomía 
653 |a Equinos-alimentacion 
653 |a Equinos 
653 |a Equinos-razas 
859 |a CEMS  |b BIB. CEMS - Agricultura  |h 636.1  |i En78a3  |p A7174.79  |t Ej.1